LEADER 01058nam 2200349z- 450 001 9910703197803321 005 20241218115812.0 035 $a(CKB)5450000000375185 035 $a(DcWaBHL)156367 035 $a(EXLCZ)995450000000375185 100 $a20240129c2015uuuu -u- - 101 0 $aeng 200 10$aAPHIS' Investigative and Enforcement Services 210 1$aRiverdale, Md$cUnited States Animal and Plant Health Inspection Service$d2008 215 $a1 online resource 606 $aAnimal and Plant Health Inspection Service 606 $aAnimals 606 $aInspection 606 $aInvestigative and Enforcement Services 606 $aPlants 606 $aUnited States 615 4$aAnimal and Plant Health Inspection Service 615 4$aAnimals 615 4$aInspection 615 4$aInvestigative and Enforcement Services 615 4$aPlants 615 4$aUnited States 801 0$bAGL 906 $aBOOK 912 $a9910703197803321 996 $aAPHIS' Investigative and Enforcement Services$93148416 997 $aUNINA LEADER 00782nam 2200253la 450 001 9910482736803321 005 20221102152634.0 035 $a(UK-CbPIL)2090310757 035 $a(CKB)5500000000093806 035 $a(EXLCZ)995500000000093806 100 $a20221102d1581 uy | 101 0 $alat 135 $aurcn||||a|bb| 200 10$aCatonis: Disticha moralia 210 $aCopenhagen $cAndreas Gutterwitz$d1581 215 $aOnline resource ([12] bl.) 300 $aReproduction of original in Det Kongelige Bibliotek / The Royal Library (Copenhagen). 700 $aCato$b Marcus Porcius$f234 B.C.-149 B.C..$071570 801 0$bUk-CbPIL 801 1$bUk-CbPIL 906 $aBOOK 912 $a9910482736803321 996 $aCatonis: Disticha moralia$92148006 997 $aUNINA